000 01282nam0a22002651 4500
001 rc\263041
005 20260407112208.0
010 _a5-7320-0514-5
_9350
035 _a(NLR Aleph) 005468775
090 _a5026032
_c5026032
100 _a20030307d1991 |||y0rusy50 ca
101 0 _arus
102 _aRU
105 _aa |||||||||
200 1 _aРемонт и модернизация технологического и подъемно-транспортного оборудования с использованием достижений научно-технического прогресса
_eМатериалы краткосроч. семинара, 14-15 мая
_fПод ред. Р.В. Лазарева
210 _aЛ.
_cЛДНТП
_d1991
215 _a79, [1] с.
_cил.
_d21
300 _aВ надзаг.: О-во "Знание" РСФСР, Ленингр. орг., Ленингр. Дом науч.-техн. пропаганды
702 1 _aЛазарев
_bР.В.
_gРудольф Васильевич
_4340
712 0 2 _aЛенинградский дом научно-технической пропаганды
_3RU\NLR\AUTH\889940416
_9375657
801 0 _aRU
_bNLR
_gpsbo
801 1 _aRU
_bELAR
_2rusmarc
852 _aNLR
_j91-4/3921
942 _cBOOK
980 _aNB